Future Data and Security Engineering Second International Conference, FDSE 2015, Ho Chi Minh City, Vietnam, November 23-25, 2015, Proceedings /

This book constitutes the refereed proceedings of the Second International Conference on Future Data and Security Engineering, FDSE 2015, held in Ho Chi Minh City, Vietnam, in November 2015. The 20 revised full papers and 3 short papers presented were carefully reviewed and selected from 88 submissi...

Full description

Bibliographic Details
Corporate Author: SpringerLink (Online service)
Other Authors: Dang, Tran Khanh (Editor), Wagner, Roland (Editor), Küng, Josef (Editor), Thoai, Nam (Editor), Takizawa, Makoto (Editor), Neuhold, Erich (Editor)
Format: Electronic eBook
Language:English
Published: Cham : Springer International Publishing : Imprint: Springer, 2015.
Edition:1st ed. 2015.
Series:Lecture Notes in Computer Science, 9446
Subjects:
Online Access:Full Text via HEAL-Link
LEADER 03129nam a22006495i 4500
001 978-3-319-26135-5
003 DE-He213
005 20151107140533.0
007 cr nn 008mamaa
008 151107s2015 gw | s |||| 0|eng d
020 |a 9783319261355  |9 978-3-319-26135-5 
024 7 |a 10.1007/978-3-319-26135-5  |2 doi 
040 |d GrThAP 
050 4 |a QA76.9.M3 
072 7 |a UYZM  |2 bicssc 
072 7 |a UKR  |2 bicssc 
072 7 |a BUS083000  |2 bisacsh 
072 7 |a COM032000  |2 bisacsh 
082 0 4 |a 005.74  |2 23 
245 1 0 |a Future Data and Security Engineering  |h [electronic resource] :  |b Second International Conference, FDSE 2015, Ho Chi Minh City, Vietnam, November 23-25, 2015, Proceedings /  |c edited by Tran Khanh Dang, Roland Wagner, Josef Küng, Nam Thoai, Makoto Takizawa, Erich Neuhold. 
250 |a 1st ed. 2015. 
264 1 |a Cham :  |b Springer International Publishing :  |b Imprint: Springer,  |c 2015. 
300 |a XIII, 323 p. 99 illus. in color.  |b online resource. 
336 |a text  |b txt  |2 rdacontent 
337 |a computer  |b c  |2 rdamedia 
338 |a online resource  |b cr  |2 rdacarrier 
347 |a text file  |b PDF  |2 rda 
490 1 |a Lecture Notes in Computer Science,  |x 0302-9743 ;  |v 9446 
520 |a This book constitutes the refereed proceedings of the Second International Conference on Future Data and Security Engineering, FDSE 2015, held in Ho Chi Minh City, Vietnam, in November 2015. The 20 revised full papers and 3 short papers presented were carefully reviewed and selected from 88 submissions. They have been organized in the following topical sections: big data analytics and massive dataset mining; security and privacy engineering; crowdsourcing and social network data analytics; sensor databases and applications in smart home and city; emerging data management systems and applications; context-based analysis and applications; and data models and advances in query processing. 
650 0 |a Computer science. 
650 0 |a Computer security. 
650 0 |a Data encryption (Computer science). 
650 0 |a Algorithms. 
650 0 |a Database management. 
650 0 |a Information storage and retrieval. 
650 0 |a Management information systems. 
650 1 4 |a Computer Science. 
650 2 4 |a Management of Computing and Information Systems. 
650 2 4 |a Systems and Data Security. 
650 2 4 |a Information Storage and Retrieval. 
650 2 4 |a Data Encryption. 
650 2 4 |a Database Management. 
650 2 4 |a Algorithm Analysis and Problem Complexity. 
700 1 |a Dang, Tran Khanh.  |e editor. 
700 1 |a Wagner, Roland.  |e editor. 
700 1 |a Küng, Josef.  |e editor. 
700 1 |a Thoai, Nam.  |e editor. 
700 1 |a Takizawa, Makoto.  |e editor. 
700 1 |a Neuhold, Erich.  |e editor. 
710 2 |a SpringerLink (Online service) 
773 0 |t Springer eBooks 
776 0 8 |i Printed edition:  |z 9783319261348 
830 0 |a Lecture Notes in Computer Science,  |x 0302-9743 ;  |v 9446 
856 4 0 |u http://dx.doi.org/10.1007/978-3-319-26135-5  |z Full Text via HEAL-Link 
912 |a ZDB-2-SCS 
912 |a ZDB-2-LNC 
950 |a Computer Science (Springer-11645)